000 00439nam a22001817a 4500
003 LK-CoDNM
005 20250205144606.0
008 250131b |||||||| |||| 00| 0 eng d
040 _aLK-CoDNM
_dLK-CoDNM
_eLK-CoDNM
041 _aeng
080 _a104
100 _aChundru
245 _aA Creatise on Creatments
260 _acalcutta
_bkriston paul lane
_c1913
300 _a800p. : ill ; 24 cm
650 _ascience
942 _cBK
999 _c237823
_d237823